Culture Générale - Série 2571 - Statistiques

Statistiques générales
  • Ce quiz a été pris 123 fois
  • Le résultat moyen est 4 sur 10
Statistiques - réponses
Question Réponse % Correct
Cheval ailé divin, l'une des créatures fantastiques les plus célèbres de la mythologie grecque - voir photo. Pégase
95%
Quelle confiserie est la spécialité de Cambrai (59) ? bêtise
76%
Complétez cette expression : "Payer rubis sur l'.... ongle
71%
Qu'est-ce qu'un calao ? oiseau
50%
Comment s'appellent les moustaches d'un chat ? vibrisses
42%
Qui incarne le commissaire Joss dit "Le Pacha" dans le film du même nom réalisé par Georges Lautner en 1968 ? prénom et nom Jean Gabin
37%
Dans la mythologie grecque, quelle est la déesse de la lune ? Séléné
27%
Émanation de gaz qui s'échappe d'un volcan fumerolle
14%
Comment s'appelle la pomme de terre précoce, spécialité de l'Île de Noirmoutier ? bonnotte
2%
Quelle plante à fleurs est également appelée "Jasmin du Cap"? gardénia
1%
Aucun quiz correspondant
Distribution des résultats
% des personnes avec chaque résultat
Percentile par nombre de réponses
Votre historique - résultats
Vous n’avez pas pris ce quiz